Afrophone philosophies: reality and challenge (Record no. 27051)

MARC details
000 -LEADER
fixed length control field 00430nam a2200169Ia 4500
020 ## - INTERNATIONAL STANDARD BOOK NUMBER
ISBN 9788086057453
050 ## - CALL MARK
Classification number B 5321 .R48/
100 ## - STATEMENT OF RESPONSIBILITY--MAIN AUTHOR NAME
Personal name Rettova, Alena
245 #0 - TITLE STATEMENT
Title Afrophone philosophies: reality and challenge
260 ## - PUBLICATION, DISTRIBUTION, ETC. (IMPRINT)
Name of publisher Zdenek Susa
260 ## - PUBLICATION, DISTRIBUTION, ETC. (IMPRINT)
Year of publication 2007
300 ## - PHYSICAL DESCRIPTION
Number of Pages 447 p
650 ## - SUBJECT ADDED ENTRY--TOPICAL TERM
Topical Term Philosophy, African--21st century.
942 ## - ADDED ENTRY ELEMENTS (KOHA)
Koha item type Books
Holdings
Withdrawn status Lost status Source of classification or shelving scheme Damaged status Not for loan Permanent Location Current Location Date acquired Full call number Accession Number Price effective from Koha item type
    Library of Congress Classification     NILE UNIVERSITY OF NIGERIA - MAIN LIBRARY NILE UNIVERSITY OF NIGERIA - MAIN LIBRARY 04/23/2025 B 5321 .R48 0194589 04/23/2025 Books